Centroamérica: lectura geopolítica de la actual situación
Kaydedildi:
| Materyal Türü: | Metin |
|---|---|
| Konular: | |
| Etiketler: |
Etiketle
Etiket eklenmemiş, İlk siz ekleyin!
|
MARC
| LEADER | 00000 a a2200000 04500 | ||
|---|---|---|---|
| 001 | 18029 | ||
| 003 | |||
| 040 | |||
| 245 | |a Centroamérica: |b lectura geopolítica de la actual situación | ||
| 650 | |a GEOPOLITICA | ||
| 650 | |a IZQUIERDA | ||
| 650 | |a COMUNICACION | ||
| 650 | |a AMERICA CENTRAL | ||
| 773 | |g volumen 5, número 11; páginas 121 | ||
| 999 | |c 27373 |d 27373 | ||
| 773 | 0 | |0 42391 |9 3886 |a Agencia Latinoamericana de Información, ALAI |d Quito, Ecuador: ALAI |o 04431 |t ALAI: |x 08275564 (Servicio mensual de información y documentación) | |
